000 00503nam a2200181Ia 4500
005 20250508162800.0
008 008 250505s9999 xx 000 0 eng d
037 _aTextual
040 _aFEDL
_beng
_cFEDL
041 _aeng
_2eng
084 _a378.54, MAH
_qFEDL
100 _aMaheep Singh Ed.
245 0 _aSome papers on higher education in India
260 _aDelhi, India
_bAmar Prakashan
_c1991
300 _a256p.
942 _cTEXL
_h378.54, MAH
999 _c1378667
_d1378667